Compendio de la vida, virtudes y milagros del Beato Juan Bautista de la Concepcion, fundador de la... órden de los Descalzos de la... Trinidad... (Record no. 166532)

MARC details
000 -LEADER
campo de control de longitud fija 00584nam a22001575i 4500
001 - NÚMERO DE CONTROL
campo de control 166532
003 - IDENTIFICADOR DE NÚMERO DE CONTROL
campo de control ES-MaACL
005 - FECHA Y HORA DE LA ÚLTIMA TRANSACCIÓN
campo de control 20250820061922.0
008 - DATOS DE LONGITUD FIJA--INFORMACIÓN GENERAL
campo de control de longitud fija 160207s1820 sp | |||||||| ||spa d
100 1# - ENTRADA PRINCIPAL--NOMBRE DE PERSONA
Nombre de persona Luis de San Diego.
9 (RLIN) 158783
245 10 - MENCIÓN DEL TÍTULO
Título Compendio de la vida, virtudes y milagros del Beato Juan Bautista de la Concepcion, fundador de la... órden de los Descalzos de la... Trinidad...
260 ## - PUBLICACIÓN, DISTRIBUCIÓN, ETC.
Lugar de publicación, distribución, etc. Madrid :
Nombre del editor, distribuidor, etc. [s.n.],
Fecha de publicación, distribución, etc. 1820.
600 07 - PUNTO DE ACCESO ADICIONAL DE MATERIA--NOMBRE DE PERSONA
Nombre de persona Juan Bautista de la Concepción, Santo,
Fechas asociadas al nombre 1561-1613-
Subdivisión general Biografías
Fuente del encabezamiento o término
9 (RLIN) 163708
852 ## - LOCALIZACIÓN
Ubicación ES-MaACL
Número de control de estantería G-12520
Holdings
Estatus retirado Estado de pérdida Estado de daño No para préstamo Colección Biblioteca de origen Biblioteca actual Ubicación en estantería Fecha de adquisición Fuente de adquisición Total de préstamos Signatura topográfica completa Código de barras Visto por última vez Precio de reemplazo Tipo de ítem Koha
        Libros del s. XIX Biblioteca del Ateneo de Madrid Biblioteca del Ateneo de Madrid Sala Pecera Planta 3 17/02/2016     G-12520 1194741 23/02/2023 23/02/2023 Libro impreso antiguo